Statistics for Alphabetically Rearranged NFL Team Names

Click here to take the quiz!

General Stats

  • This quiz has been taken 20 times
  • The average score is 16 of 32

Answer Stats

Rearranged Team Name% Correct
49ers
71%
Ejst
71%
Abers
65%
Bnorsw
65%
Bills
65%
Aginst
65%
Aenstx
59%
Aagjrsu
59%
Abeglns
59%
Bcooswy
59%
Amrs
59%
Ainstt
59%
Dhilnops
53%
Ilnos
53%
Aenrsv
53%
Adeirrs
53%
Acflnos
53%
Aceghrrs
53%
Aeegls
47%
Bcnoors
47%
Cefhis
47%
Clost
47%
Deiknrss
47%
Eeelrsst
47%
Ainsst
47%
Aaehkssw
41%
Giiknsv
41%
Acekprs
35%
Aacdilnrs
29%
Aehnprst
24%
Abcceenrsu
18%
Aioprtts
12%

Score Distribution

Percentile by Number Answered

Percent of People with Each Score

Your Score History

You have not taken this quiz